000 01147nam a2200301 a 4500
001 000008530
003 OSt
005 20260321073638.0
008 090917s2005 dr 001 0 spa d
020 _a9993422797
040 _aDO-SdBNP
_cBNPHU
_bspa
049 _aBNPD
082 _aRD864.44
_bB742e
100 1 _aEstévez Aristy, Justiniano,
_d1962-
_93212
245 1 0 _aLuces y sombras en la cuentística de Juan Bosch /
_cJustiniano Estévez Aristy ; correción de estilo y cuidado de la edición Margarita Noboa Warder.
260 _aPuerto Plata :
_bEdiciones Renovación,
_c2005.
300 _a141 p. ;
_c23 cm.
500 _aIncluye bibliografia de Juan Bosch: p.137-143
504 _aIncluye referencias bibliográficas [p.137-143]
586 _aObra ganadora del Premio Nacional de Ensayo "Rufino Martínez" 2005
600 1 0 _a Bosch, Juan,
_d1909-2001
_976555
650 0 _aEnsayos dominicanos
_965
650 4 _aCuentos dominicanos
_xHistoria e interpretación
_922872
650 0 _aLiteratura dominicana.
_967
700 1 _aNoboa Warder, Margarita
_922873
910 _aValidado. Control de calidad BNPHU
942 _2ddc
_cLBS1
999 _c8300
_d8300